Statistics for Countries of Oceania by Independence Date

Click here to take the quiz!

General Stats

  • This quiz has been taken 120 times
  • The average score is 10 of 12

Answer Stats

Indepedence DateCountry% Correct
1 January 1962Samoa
96%
31 January 1968Nauru
88%
12 July 1979Kiribati
87%
1 October 1994Palau
86%
10 October 1970Fiji
85%
7 July 1978Solomon Islands
84%
3 November 1986Micronesia
83%
16 September 1975Papua New Guinea
83%
4 June 1970Tonga
83%
1 October 1978Tuvalu
83%
30 July 1980Vanuatu
82%
21 October 1986Marshall Islands
81%

Score Distribution

Percentile by Number Answered

Percent of People with Each Score

Your Score History

You have not taken this quiz